[Event "Tournoi francophone 017"]
[Site "Skype"]
[Date "????.??.??"]
[Round "6.34"]
[White "Malbec, Robert"]
[Black "Radice, Marco"]
[Result "1-0"]
[WhiteElo "1223"]
[BlackElo "1000"]
[PlyCount "117"]

1. e4 c5 2. Nf3 d6 3. d4 cxd4 4. Nxd4 Nf6 5. Nc3 a6 6. Bg5 e6 7. f4 Be7 8. Qf3
b5 9. Bd3 Bb7 10. O-O-O Nbd7 11. Kb1 O-O 12. g4 b4 13. Nce2 Rc8 14. h4 Nc5 15.
Bxf6 Bxf6 16. g5 Be7 17. h5 Nxd3 18. Qxd3 f5 19. exf5 Bxh1 20. Rxh1 e5 21. Ne6
Qd7 22. Nxf8 Bxf8 23. fxe5 Qb7 24. Rg1 Rd8 25. e6 a5 26. Qb3 d5 27. g6 h6 28.
Qf3 a4 29. f6 b3 30. cxb3 axb3 31. Qxb3 Qxb3 32. axb3 d4 33. e7 Bxe7 34. fxe7
Re8 35. Nxd4 Rxe7 36. Rf1 Re5 37. Rh1 Rd5 38. Nc2 Rd3 39. Re1 Kf8 40. Rf1+ Ke7
41. Rf5 Rxb3 42. Rf7+ Ke8 43. Rxg7 Kf8 44. Rh7 Kg8 45. Rxh6 Kg7 46. Rh7+ Kg8
47. Rd7 Rh3 48. Rd5 Kg7 49. b4 Kh6 50. b5 Rh1+ 51. Kb2 Rf1 52. b6 Rf8 53. b7
Rb8 54. Rb5 Kg7 55. Ne3 Kh6 56. Ng4+ Kg7 57. Rb6 Kg8 58. h6 Kh8 59. Nf6 1-0

[Event "Tournoi francophone 017"]
[Site "Skype"]
[Date "????.??.??"]
[Round "6.35"]
[White "Trapletti, Cosetta"]
[Black "Cassano, Mariangela"]
[Result "1/2-1/2"]
[WhiteElo "1000"]
[BlackElo "1000"]
[PlyCount "134"]

1. d4 d5 2. c4 dxc4 3. Nc3 Nf6 4. e4 a6 5. Bxc4 Nc6 6. Bd3 Nxd4 7. e5 Ng4 8. f3
Nxe5 9. Be4 c6 10. Qd3 Nxd3+ 11. Kf1 Nf4 12. Bxf4 e5 13. Bxe5 Bd6 14. Bxd4 O-O
15. Nge2 Qc7 16. g3 c5 17. f4 b6 18. Bxa8 Bh3+ 19. Kf2 Rxa8 20. Be3 b5 21. a3
c4 22. Ng1 Bg4 23. h3 Bf5 24. Nf3 Be4 25. Nxe4 Bxf4 26. Bxf4 Qe7 27. Ne5 f6 28.
Nc6 Qxe4 29. Na5 Qd4+ 30. Be3 Qxb2+ 31. Kf3 c3 32. Bd4 Rc8 33. Rhc1 b4 34. axb4
Qxb4 35. Be3 Rc4 36. h4 h5 37. Bf2 c2 38. Be1 Rc3+ 39. Kf2 Qb6+ 40. Kg2 Rd3 41.
Nc4 Qc6+ 42. Kf2 Qxc4 43. Ra5 Rd4 44. Rxh5 g6 45. Rh6 Re4 46. Rxg6+ Kf7 47. h5
Qc5+ 48. Kf3 Rd4 49. Bf2 Qxh5+ 50. Rg4 Rxg4 51. Rxc2 Qf5+ 52. Kg2 Qe4+ 53. Kh3
Rf4 54. Rc7+ Kg6 55. gxf4 Qxf4 56. Ra7 Qxf2 57. Rxa6 Qf1+ 58. Kg4 Qxa6 59. Kf4
Qa4+ 60. Ke3 Qa7+ 61. Kf3 Qa8+ 62. Kf4 Qa4+ 63. Ke3 Qa3+ 64. Kf4 Qc1+ 65. Ke4
Qe1+ 66. Kf4 Qf1+ 67. Ke4 Qe1+ 1/2-1/2

[Event "Tournoi francophone 017"]
[Site "Skype"]
[Date "????.??.??"]
[Round "7.1"]
[White "Vasquez Cienfuegos, Oscar"]
[Black "Megelas, Florent"]
[Result "1/2-1/2"]
[WhiteElo "1370"]
[BlackElo "1496"]
[PlyCount "81"]

1. c4 c6 2. g3 Nf6 3. Bg2 d5 4. cxd5 Nxd5 5. Nc3 Nxc3 6. bxc3 g6 7. Nf3 Bg7 8.
d4 O-O 9. O-O Nd7 10. Be3 Nb6 11. Qc1 Re8 12. Bh6 Bh8 13. Ng5 Nc4 14. Qf4 Nd6
15. e4 e5 16. dxe5 Bxe5 17. Qf3 Qf6 18. Qxf6 Bxf6 19. Rac1 Nc4 20. Rfd1 Ne5 21.
Nf3 Bg4 22. Rd6 Nxf3+ 23. Bxf3 Bxf3 24. Rxf6 Bxe4 25. Rd1 Bd5 26. a3 Re2 27.
Be3 Re8 28. Rd6 Kg7 29. Rd7 Kg8 30. Rxb7 Rc2 31. Rxa7 Rxc3 32. a4 Rb3 33. a5
Reb8 34. Kf1 Rb1 35. Rxb1 Rxb1+ 36. Ke2 Rb8 37. Kd2 h5 38. h4 Bc4 39. a6 Rc8
40. Kc3 Bd5 41. Kd4 1/2-1/2

[Event "Tournoi francophone 017"]
[Site "Skype"]
[Date "????.??.??"]
[Round "7.2"]
[White "Elias, Roberto"]
[Black "Castillo, David"]
[Result "1-0"]
[WhiteElo "1671"]
[BlackElo "1381"]
[PlyCount "73"]

1. c4 f5 2. Nc3 c6 3. d4 d6 4. e4 e6 5. Bd3 Na6 6. Nf3 Nb4 7. Bb1 Be7 8. a3 Na6
9. Qe2 Nc7 10. exf5 exf5 11. Bg5 g6 12. Ba2 Ne6 13. Bxe7 Qxe7 14. O-O Ng7 15.
Rfe1 Qxe2 16. Rxe2+ Kf7 17. Rae1 Bd7 18. c5+ d5 19. Ne5+ Ke7 20. Bxd5 Nf6 21.
Nxg6+ Kd8 22. Nxh8 cxd5 23. Nf7+ Kc7 24. Nd6 Nge8 25. Ncb5+ Bxb5 26. Nxb5+ Kc6
27. a4 a6 28. Re6+ Kd7 29. Re7+ Kd8 30. Rxe8+ Nxe8 31. Rxe8+ Kxe8 32. Nc7+ Kd7
33. Nxa8 Ke6 34. Nb6 h6 35. f4 h5 36. g3 a5 37. Kf1 1-0

[Event "Tournoi francophone 017"]
[Site "Skype"]
[Date "????.??.??"]
[Round "7.3"]
[White "Deville, Olivier"]
[Black "Sequeda Pimiento, Javier Ricardo"]
[Result "1-0"]
[WhiteElo "1767"]
[BlackElo "1434"]
[PlyCount "61"]

1. d4 Nf6 2. c4 g6 3. Nc3 Bg7 4. e4 d6 5. Nf3 O-O 6. Be2 c6 7. O-O Nbd7 8. Re1
e6 9. Bf1 a6 10. h3 Re8 11. Be3 e5 12. Qc2 Qc7 13. Rad1 Nh5 14. d5 c5 15. Qd2
Ndf6 16. g4 Nf4 17. Bxf4 exf4 18. Qxf4 Nd7 19. Ng5 Ne5 20. Qg3 Bh6 21. f4 Bxg5
22. fxg5 Qe7 23. Qf4 Rf8 24. Qf6 Qxf6 25. gxf6 Nf3+ 26. Kg2 Nxe1+ 27. Rxe1 h6
28. e5 Re8 29. e6 fxe6 30. Ne4 exd5 31. f7+ 1-0

[Event "Tournoi francophone 017"]
[Site "Skype"]
[Date "????.??.??"]
[Round "7.4"]
[White "Ambrosino, Theo"]
[Black "Trivedi, Viral"]
[Result "1-0"]
[WhiteElo "1755"]
[BlackElo "1210"]
[PlyCount "51"]

1. c4 Nf6 2. Nc3 g6 3. g3 Bg7 4. Bg2 O-O 5. e3 c6 6. Nge2 d6 7. O-O Nbd7 8. d4
Re8 9. Re1 e5 10. b3 exd4 11. exd4 c5 12. Bb2 Nb6 13. dxc5 dxc5 14. Qxd8 Rxd8
15. Rad1 Re8 16. Nf4 Rb8 17. Rxe8+ Nxe8 18. Rd8 Kf8 19. Ba3 Nd7 20. Ncd5 b6 21.
Nc7 Ndf6 22. Bb2 Ke7 23. Bxf6+ Bxf6 24. Rxe8+ Kd7 25. Rg8 Kxc7 26. Nd5+ 1-0

[Event "Tournoi francophone 017"]
[Site "Skype"]
[Date "????.??.??"]
[Round "7.5"]
[White "Rodier, Marc"]
[Black "Lambert, Pierre"]
[Result "1-0"]
[WhiteElo "1566"]
[BlackElo "1660"]
[PlyCount "107"]

1. e4 c5 2. Nf3 Nc6 3. d4 cxd4 4. Nxd4 Nf6 5. Nc3 a6 6. Bc4 e6 7. Bg5 Be7 8.
O-O O-O 9. Nxc6 dxc6 10. Qf3 Nd7 11. Bxe7 Qxe7 12. Qe3 Ne5 13. Be2 c5 14. a4 b6
15. f4 Nc6 16. e5 Bb7 17. Ne4 Nb4 18. Rac1 Nd5 19. Qd3 Bc6 20. c4 Nb4 21. Qe3
Bxa4 22. b3 Bc6 23. Nd6 a5 24. Bf3 a4 25. Bxc6 Nxc6 26. bxa4 Rxa4 27. Ra1 Rfa8
28. Rxa4 Rxa4 29. Qe4 Nd4 30. Rb1 Qc7 31. Nb5 Qc6 32. Qxc6 Nxc6 33. Nd6 Nb4 34.
Rb3 Kf8 35. Kf2 Ra2+ 36. Kf3 Ra8 37. h3 Ke7 38. g4 f6 39. Ke4 Kd7 40. h4 Ra1
41. h5 Re1+ 42. Re3 Rxe3+ 43. Kxe3 Nc6 44. Ke4 Nd4 45. Ke3 Kc6 46. Ne8 fxe5 47.
fxe5 g6 48. h6 b5 49. cxb5+ Nxb5 50. Nf6 Nc7 51. Nxh7 Nd5+ 52. Ke4 c4 53. Ng5
c3 54. Kd3 1-0

[Event "Tournoi francophone 017"]
[Site "Skype"]
[Date "????.??.??"]
[Round "7.7"]
[White "Bucherie, Volcy"]
[Black "Hurtado De Mendoza, Ramon Miguel"]
[Result "0-1"]
[WhiteElo "1274"]
[BlackElo "1436"]
[PlyCount "70"]

1. d4 Nf6 2. c4 e6 3. Nf3 c5 4. d5 b5 5. d6 Qb6 6. Bf4 Nh5 7. Be5 Nc6 8. g3
Nxe5 9. Nxe5 Bb7 10. Nf3 bxc4 11. b3 cxb3 12. axb3 Qxd6 13. Qxd6 Bxd6 14. Bg2
O-O 15. O-O Bc7 16. Nc3 Bc6 17. Rfc1 Rfb8 18. Ra3 f5 19. Na4 d6 20. Nc3 Nf6 21.
Ng5 Bxg2 22. Kxg2 Re8 23. Ra6 Bb6 24. Nb5 h6 25. h4 hxg5 26. hxg5 Ne4 27. f4
Kf7 28. e3 Re7 29. Rc2 Rc8 30. Kf3 Rh8 31. g4 Rh3+ 32. Ke2 fxg4 33. Kd3 d5 34.
Ra1 c4+ 35. bxc4 Rxe3# 0-1

[Event "Tournoi francophone 017"]
[Site "Skype"]
[Date "????.??.??"]
[Round "7.8"]
[White "Briere, Jean"]
[Black "Marino, Giuseppe"]
[Result "0-1"]
[WhiteElo "1237"]
[BlackElo "1339"]
[PlyCount "68"]

1. e4 e5 2. Nf3 d6 3. Bc4 Be7 4. Nc3 c6 5. O-O Nf6 6. d3 Bg4 7. h3 Bh5 8. Re1
O-O 9. Bg5 h6 10. Bxf6 Bxf6 11. g4 Bg6 12. Kg2 Nd7 13. b4 a6 14. Rh1 Bg5 15.
Nxg5 Qxg5 16. Ne2 h5 17. Ng3 h4 18. Nf5 Bxf5 19. exf5 Rae8 20. Re1 g6 21. fxg6
Qxg6 22. Qf3 d5 23. Bxd5 cxd5 24. Qxd5 Nf6 25. Qf3 Nh5 26. Qf5 Qxf5 27. gxf5
Kg7 28. Kf3 Rh8 29. Rg1+ Kf6 30. Ke4 Nf4 31. Rh1 Reg8 32. c4 Rg5 33. c5 Rxf5
34. Rag1 Ne2 0-1

[Event "Tournoi francophone 017"]
[Site "Skype"]
[Date "????.??.??"]
[Round "7.10"]
[White "Roman, Sylvian"]
[Black "Lognos, Lina"]
[Result "1-0"]
[WhiteElo "1284"]
[BlackElo "1023"]
[PlyCount "91"]

1. e4 c5 2. Nf3 Nf6 3. d3 d6 4. Nc3 e6 5. d4 cxd4 6. Nxd4 a6 7. Be2 g6 8. Nf3
Bg7 9. e5 dxe5 10. Qxd8+ Kxd8 11. Nxe5 Ke7 12. O-O Rd8 13. Bg5 Rd2 14. Bd3 Rxd3
15. cxd3 h6 16. Be3 Nfd7 17. Nc4 Ra7 18. Rfe1 b6 19. Nd5+ Ke8 20. Ndxb6 Nxb6
21. Bxb6 Rd7 22. Rac1 Rxd3 23. Nd6+ Rxd6 24. Rxc8+ Kd7 25. Rec1 Nc6 26. Rc7+
Ke8 27. R7xc6 Rxc6 28. Rxc6 Kd7 29. Rc7+ Ke8 30. b3 Be5 31. Rb7 f5 32. h3 g5
33. Kf1 Bd6 34. Ke2 Be7 35. Kd3 Kf7 36. g4 Kf6 37. f3 Bd6 38. Bd8+ Ke5 39. Rh7
Kf4 40. Rxh6 Kxf3 41. Bxg5 Bf4 42. Bxf4 Kxf4 43. Rxe6 Kg3 44. Rxa6 fxg4 45.
hxg4 Kxg4 46. Ra4+ 1-0

[Event "Tournoi francophone 017"]
[Site "Skype"]
[Date "????.??.??"]
[Round "7.11"]
[White "Tolaro, Filippa"]
[Black "Scata, Laura"]
[Result "0-1"]
[WhiteElo "1114"]
[BlackElo "1366"]
[PlyCount "42"]

1. Nf3 d5 2. d4 Nf6 3. e3 Bf5 4. Nbd2 e6 5. a3 a6 6. b3 c5 7. Bb2 Nc6 8. Be2
Be7 9. O-O O-O 10. Ne5 Qc7 11. f4 Nxe5 12. dxe5 Ne4 13. Bd3 Rad8 14. c4 Nxd2
15. Qxd2 dxc4 16. bxc4 Rxd3 17. Qf2 Rfd8 18. Qf3 Qb6 19. Rab1 Rb3 20. e4 Rxf3
21. Rxf3 Bxe4 0-1

[Event "Tournoi francophone 017"]
[Site "Skype"]
[Date "????.??.??"]
[Round "7.13"]
[White "Cengiz, Ali Ekber"]
[Black "Vervoort, Jean-Louis"]
[Result "1-0"]
[WhiteElo "1281"]
[BlackElo "1273"]
[PlyCount "56"]

1. e4 e5 2. Nf3 Nc6 3. Bc4 h6 4. c3 Nf6 5. d3 Bc5 6. h3 d6 7. a3 a5 8. Nbd2 O-O
9. Nf1 Re8 10. Ng3 Be6 11. Bb5 Re7 12. O-O Na7 13. Ba4 b5 14. Bc2 d5 15. b4 Bb6
16. Nxe5 dxe4 17. d4 Nd5 18. Bxe4 a4 19. Qc2 Nf6 20. Bxa8 Qxa8 21. Bf4 Bd5 22.
f3 Bb3 23. Qd2 Bc4 24. Rfe1 g5 25. Bxg5 hxg5 26. Qxg5+ Kf8 27. Qh6+ Kg8 28.
Qxf6 Re6 1-0

[Event "Tournoi francophone 017"]
[Site "Skype"]
[Date "????.??.??"]
[Round "7.14"]
[White "Gharbi, Said"]
[Black "Abate, Luigi"]
[Result "1-0"]
[WhiteElo "1434"]
[BlackElo "1119"]
[PlyCount "93"]

1. e4 e5 2. Nf3 Nc6 3. Bc4 Nf6 4. Ng5 d5 5. exd5 Nxd5 6. d3 h6 7. Qh5 g6 8. Qf3
f5 9. Bxd5 Nd4 10. Bf7+ Ke7 11. Qd1 Bg7 12. b3 Qd6 13. Bc4 hxg5 14. Bxg5+ Kf8
15. c3 Ne6 16. Be3 Nc5 17. Bc1 Nxd3+ 18. Bxd3 e4 19. Be2 Be6 20. Ba3 Bxc3+ 21.
Nxc3 Qxa3 22. Nb5 Qb4+ 23. Qd2 Qxd2+ 24. Kxd2 Rd8+ 25. Kc2 a6 26. Nc3 Kg7 27.
Kb2 Rd7 28. Rad1 Rhd8 29. Rxd7+ Rxd7 30. Rd1 c6 31. Rxd7+ Bxd7 32. Na4 b5 33.
Nc5 Bc8 34. Kc3 Kf8 35. a4 Ke7 36. Kb4 Kd6 37. a5 Kc7 38. f3 exf3 39. Bxf3 Kd6
40. Nd3 Ke6 41. Bxc6 Kd6 42. Be8 g5 43. Nc5 f4 44. Ne4+ Ke7 45. Bh5 g4 46. Kc5
Ke6 47. Bxg4+ 1-0

[Event "Tournoi francophone 017"]
[Site "Skype"]
[Date "????.??.??"]
[Round "7.15"]
[White "Duthoit, Bernard"]
[Black "Dib, Catherine"]
[Result "1-0"]
[WhiteElo "1333"]
[BlackElo "1096"]
[PlyCount "65"]

1. e4 c5 2. Nf3 Nc6 3. Bb5 Nd4 4. Nxd4 cxd4 5. d3 a6 6. Ba4 b5 7. Bb3 d6 8. a3
Nf6 9. Bd2 Bb7 10. c3 e5 11. cxd4 exd4 12. Bg5 Be7 13. Nd2 O-O 14. Ba2 Qd7 15.
Nf3 Rac8 16. Nxd4 Rfd8 17. Nf5 h6 18. Nxe7+ Qxe7 19. Bh4 Bc6 20. O-O a5 21. Qf3
g5 22. Bg3 Kg7 23. Qe3 Nd7 24. Qd4+ f6 25. Bxd6 Qe8 26. Rfe1 Ne5 27. Re3 Bb7
28. Qb6 Rd7 29. Bxe5 Qxe5 30. Be6 Qc7 31. Qxc7 Rdxc7 32. Bxc8 Rxc8 33. g4 1-0

[Event "Tournoi francophone 017"]
[Site "Skype"]
[Date "????.??.??"]
[Round "7.16"]
[White "Vincent, Andre"]
[Black "Ibanez, Bittor"]
[Result "0-1"]
[WhiteElo "1332"]
[BlackElo "1080"]
[PlyCount "82"]

1. Nf3 c5 2. g3 Nf6 3. Bg2 g6 4. e3 Bg7 5. d4 cxd4 6. exd4 d5 7. O-O Bg4 8. c3
Ne4 9. Be3 O-O 10. Nbd2 Nc6 11. Qc2 Bf5 12. Nxe4 Bxe4 13. Qd2 e5 14. Ng5 Bxg2
15. Kxg2 e4 16. Nh3 Ne7 17. Bg5 f6 18. Bh6 Nf5 19. Bxg7 Kxg7 20. Rae1 Qd7 21.
Nf4 Nh4+ 22. Kh1 Nf3 23. Qe2 Rae8 24. Rd1 g5 25. h3 gxf4 26. g4 h5 27. Kg2 Nh4+
28. Kh2 hxg4 29. Qxg4+ Qxg4 30. hxg4 Nf3+ 31. Kg2 Nh4+ 32. Kh2 Rh8 33. Rh1 Nf3+
34. Kg2 Rh4 35. Rxh4 Nxh4+ 36. Kh2 Rh8 37. Rh1 e3 38. fxe3 Nf3+ 39. Kg2 Rxh1
40. Kxh1 fxe3 41. Kg2 e2 0-1

[Event "Tournoi francophone 017"]
[Site "Skype"]
[Date "????.??.??"]
[Round "7.17"]
[White "Le Brun, Yves"]
[Black "Gerbaux, Regis"]
[Result "1-0"]
[WhiteElo "1321"]
[BlackElo "1075"]
[PlyCount "25"]

1. d4 d5 2. c4 c6 3. Nf3 Bg4 4. Nbd2 e6 5. Qb3 Qb6 6. c5 Qc7 7. g3 Nf6 8. Bg2
Be7 9. Ne5 Bf5 10. Ndf3 Be4 11. Bf4 Nbd7 12. Nxf7 Qa5+ 13. Bd2 1-0

[Event "Tournoi francophone 017"]
[Site "Skype"]
[Date "????.??.??"]
[Round "7.18"]
[White "Rodriguez, Nathalie"]
[Black "Hargez, Dany"]
[Result "1-0"]
[WhiteElo "1127"]
[BlackElo "1296"]
[PlyCount "73"]

1. d4 d5 2. Bf4 Bf5 3. e3 e6 4. Nc3 Nd7 5. Nb5 Bd6 6. Nxd6+ cxd6 7. Bxd6 Ngf6
8. Nf3 Ne4 9. Bb4 b6 10. c4 Nb8 11. cxd5 Qxd5 12. Ne5 Nc6 13. Nxc6 Qxc6 14. Rc1
Qd7 15. f3 Nd6 16. Be2 O-O 17. O-O Qd8 18. Bc4 Rc8 19. e4 b5 20. Bb3 Qb6 21.
Bc5 Qb8 22. exf5 Nxf5 23. Bxf8 Rxc1 24. Qxc1 Qxf8 25. Re1 Nxd4 26. Qc3 Nf5 27.
Rc1 Ne7 28. Qc5 a6 29. Qb6 Qa8 30. Bc2 Nd5 31. Qc5 Nf4 32. Kf2 Qd8 33. Be4 Qd2+
34. Kg3 Ne2+ 35. Kg4 h5+ 36. Qxh5 Qh6 37. Rc8# 1-0

[Event "Tournoi francophone 017"]
[Site "Skype"]
[Date "????.??.??"]
[Round "7.19"]
[White "L'Herbon De Lussats, Jean"]
[Black "Schnell, Nicolas"]
[Result "1-0"]
[WhiteElo "1245"]
[BlackElo "1000"]
[PlyCount "69"]

1. d4 e6 2. c4 Nf6 3. Nc3 Nc6 4. e4 Bd6 5. Nf3 O-O 6. d5 exd5 7. cxd5 Nb4 8.
Bc4 Re8 9. Bg5 h6 10. Bxf6 Qxf6 11. O-O Bf4 12. Re1 d6 13. a3 a5 14. axb4 Bh3
15. gxh3 Qg6+ 16. Kh1 Qf6 17. bxa5 Re7 18. Bb5 c6 19. dxc6 b6 20. Nd5 Qxb2 21.
Nxf4 Qxb5 22. axb6 Rd8 23. c7 Rde8 24. Nd4 Qxb6 25. Nd5 Qc5 26. Nxe7+ Kh7 27.
Nd5 Re5 28. Rc1 Qa5 29. c8=Q Rg5 30. f4 Rg6 31. Qf5 Qa2 32. Rg1 Kh8 33. Rc8+
Kh7 34. h4 h5 35. Qdxh5# 1-0

[Event "Tournoi francophone 017"]
[Site "Skype"]
[Date "????.??.??"]
[Round "7.20"]
[White "Moumtaz, Abderrahim"]
[Black "Blanchard, Colette"]
[Result "1-0"]
[WhiteElo "1213"]
[BlackElo "1000"]
[PlyCount "143"]

1. d4 d5 2. c4 c6 3. e3 Nf6 4. Nc3 Bf5 5. Qb3 b6 6. cxd5 cxd5 7. Bb5+ Nbd7 8.
Nxd5 Be6 9. Nxf6+ gxf6 10. d5 Bf5 11. Qa4 Bg7 12. e4 O-O 13. exf5 Ne5 14. Qd1
Qc8 15. Nf3 Qxf5 16. Nxe5 Qxe5+ 17. Kf1 Rfd8 18. Bc4 Rac8 19. Bb3 e6 20. f4 Qf5
21. Bc2 Rxc2 22. d6 Bh6 23. Kg1 Rc4 24. g3 e5 25. fxe5 Bxc1 26. Rxc1 Rxc1 27.
Qxc1 Qxe5 28. d7 Qe6 29. Qc7 Rxd7 30. Qc1 f5 31. Kg2 Qf6 32. Re1 Kf8 33. Qc3
Qxc3 34. bxc3 Rd2+ 35. Kh3 Rxa2 36. Rd1 Kg7 37. Rd7 a5 38. Rb7 Rb2 39. c4 Rb4
40. Rc7 a4 41. Rb7 a3 42. Ra7 Rxc4 43. Rxa3 Rb4 44. Rf3 Kf6 45. Ra3 b5 46. Ra6+
Kg5 47. Rb6 Rb3 48. Rb7 f4 49. Kg2 Rb2+ 50. Kg1 f3 51. Rxf7 f2+ 52. Kf1 b4 53.
Rxh7 b3 54. Rb7 Kg4 55. Kg2 Kf5 56. Rb4 f1=Q+ 57. Kxf1 Rxh2 58. Rxb3 Kg4 59.
Kg1 Rh6 60. Kg2 Rg6 61. Rb4+ Kg5 62. Rf4 Rf6 63. Kf3 Rxf4+ 64. gxf4+ Kf6 65.
Ke4 Kg6 66. Ke5 Kf7 67. f5 Ke7 68. f6+ Kf7 69. Kf5 Kg8 70. Ke6 Kf8 71. f7 Kg7
72. Ke7 1-0

[Event "Tournoi francophone 017"]
[Site "Skype"]
[Date "????.??.??"]
[Round "7.22"]
[White "Esformes, Jacques"]
[Black "Busto, Ricardo"]
[Result "0-1"]
[WhiteElo "1015"]
[BlackElo "1198"]
[PlyCount "94"]

1. c4 c6 2. Nc3 Nf6 3. e3 d5 4. d4 e6 5. Nf3 Be7 6. Be2 O-O 7. a3 c5 8. cxd5
cxd4 9. Nxd4 exd5 10. Bf3 Nc6 11. Nxc6 bxc6 12. O-O Bf5 13. e4 dxe4 14. Bxe4
Bxe4 15. f3 Qb6+ 16. Kh1 Bf5 17. Bg5 c5 18. Bxf6 Bxf6 19. Nd5 Qxb2 20. Qc1 Qxc1
21. Raxc1 Bb2 22. Rxc5 Bxa3 23. Rc3 Bd6 24. g4 Be6 25. Nc7 Rac8 26. Rfc1 Bxc7
27. Rxc7 Rxc7 28. Rxc7 a5 29. Ra7 a4 30. Kg1 Bb3 31. Kf2 Rc8 32. Ke2 Kf8 33.
Kd2 Rc2+ 34. Kd3 Rxh2 35. Rb7 Bd1 36. Kc4 a3 37. Kc3 a2 38. Ra7 Bxf3 39. Kb3
Bd5+ 40. Kc3 Rh1 41. Kb2 Rb1+ 42. Kc2 a1=Q 43. Rxa1 Rxa1 44. Kb2 Rg1 45. Kc3
Rxg4 46. Kd3 h5 47. Ke3 h4 0-1

[Event "Tournoi francophone 017"]
[Site "Skype"]
[Date "????.??.??"]
[Round "7.23"]
[White "Le Bouill, Pierre"]
[Black "Sahrane, Juba"]
[Result "0-1"]
[WhiteElo "1260"]
[BlackElo "1514"]
[PlyCount "122"]

1. d4 Nf6 2. Nf3 d5 3. g3 e6 4. a3 c5 5. c3 Nc6 6. Bg2 cxd4 7. cxd4 Be7 8. e3
O-O 9. O-O Bd7 10. Nc3 a6 11. Re1 Rc8 12. Bd2 Qb6 13. Rb1 Rc7 14. Na4 Qa7 15.
Rc1 Rfc8 16. Rc2 Na5 17. Rc3 Nc4 18. Ne5 Bxa4 19. Qxa4 Nxd2 20. Rxc7 Rxc7 21.
Rd1 Nde4 22. Bxe4 dxe4 23. Ng4 Nxg4 24. d5 exd5 25. Rxd5 Rc1+ 26. Kg2 Nxe3+ 27.
fxe3 Qb6 28. Qxe4 Qxb2+ 29. Kh3 Qxa3 30. Re5 Rc7 31. Qf3 b5 32. Rf5 Bf6 33.
Qa8+ Qf8 34. Qxa6 b4 35. Rb5 Rc3 36. Qb7 Rxe3 37. Rxb4 Re7 38. Qc6 Qd8 39. Rc4
Qd7+ 40. Qxd7 Rxd7 41. Rc8+ Rd8 42. Rc6 Kf8 43. Kg4 Ke7 44. Rc7+ Rd7 45. Rc6 g6
46. h4 h5+ 47. Kf3 Be5 48. g4 hxg4+ 49. Kxg4 Rd4+ 50. Kh3 Bf6 51. Rc7+ Kf8 52.
Rc8+ Kg7 53. Rc2 Rxh4+ 54. Kg3 g5 55. Rg2 Be5+ 56. Kf3 Rf4+ 57. Ke2 Kg6 58. Kd3
f5 59. Re2 Re4 60. Rxe4 fxe4+ 61. Kxe4 g4 0-1

[Event "Tournoi francophone 017"]
[Site "Skype"]
[Date "????.??.??"]
[Round "7.24"]
[White "Fouques Duparc, Paulin"]
[Black "Couto, Januario"]
[Result "1-0"]
[WhiteElo "1207"]
[BlackElo "1387"]
[PlyCount "33"]

1. b4 e5 2. Bb2 d6 3. c4 Bf5 4. Nc3 Nd7 5. e4 Bg6 6. Be2 Ngf6 7. d3 Be7 8. a4
O-O 9. Nf3 c6 10. O-O Re8 11. b5 Qa5 12. bxc6 bxc6 13. Qc2 Rab8 14. Nd2 Nb6 15.
Nb3 Qb4 16. Ba3 Qxa3 17. Rxa3 1-0

[Event "Tournoi francophone 017"]
[Site "Skype"]
[Date "????.??.??"]
[Round "7.25"]
[White "De Coninck, Philippe"]
[Black "Sauvaget, Joel"]
[Result "1-0"]
[WhiteElo "1173"]
[BlackElo "1290"]
[PlyCount "67"]

1. e4 e5 2. Nf3 Nc6 3. Bc4 h6 4. O-O Nf6 5. Re1 Be7 6. c3 O-O 7. d4 exd4 8.
cxd4 d6 9. Nc3 a6 10. a3 b5 11. Bd3 Bb7 12. e5 dxe5 13. dxe5 Nd7 14. Re3 Bc5
15. Re4 Re8 16. Qe2 Re6 17. Nd5 Ne7 18. Nxe7+ Qxe7 19. Rg4 Bxf3 20. Qxf3 Re8
21. Qf5 g6 22. Bxh6 Nxe5 23. Rg3 Ng4 24. Rxg4 Kh7 25. Bg5 gxf5 26. Bxe7 R8xe7
27. Bxf5+ Kh6 28. Bxe6 Rxe6 29. Kf1 f5 30. Rg3 Kh5 31. Rd1 f4 32. Rd5+ Kh4 33.
Rh3+ Kg4 34. f3# 1-0

[Event "Tournoi francophone 017"]
[Site "Skype"]
[Date "????.??.??"]
[Round "7.26"]
[White "Gadow, Martin"]
[Black "Ruiz Aguilera, Juan Jesus"]
[Result "1/2-1/2"]
[WhiteElo "1485"]
[BlackElo "1102"]
[PlyCount "93"]

1. d4 Nf6 2. Nf3 d5 3. Bf4 Bf5 4. Nbd2 e6 5. c3 c5 6. dxc5 Bxc5 7. e3 Nc6 8.
Nb3 Bd6 9. Bg3 e5 10. Bh4 e4 11. Nfd4 Nxd4 12. Nxd4 Be6 13. Nxe6 fxe6 14. Bb5+
Kf7 15. Be2 Qc7 16. Bg3 Rhf8 17. Bxd6 Qxd6 18. O-O g6 19. f3 Rad8 20. fxe4 dxe4
21. Qxd6 Rxd6 22. Rad1 Ke7 23. Rxd6 Kxd6 24. Rxf6 Rxf6 25. g4 h6 26. Kg2 Ke5
27. c4 g5 28. b3 b6 29. h3 Rf7 30. a4 Rd7 31. Kf2 Rd2 32. Ke1 Rb2 33. c5 bxc5
34. Bc4 Rh2 35. Bf1 a5 36. Kd1 Rh1 37. Ke1 Kd5 38. Kf2 Rh2+ 39. Ke1 Rc2 40. Kd1
Rc3 41. Bc4+ Ke5 42. Kd2 Rxc4 43. bxc4 Kf6 44. Ke2 Kg6 45. Kf2 h5 46. Kg3 hxg4
47. hxg4 1/2-1/2

[Event "Tournoi francophone 017"]
[Site "Skype"]
[Date "????.??.??"]
[Round "7.27"]
[White "Martin, Jean-Claude"]
[Black "Codina, Teresa"]
[Result "0-1"]
[WhiteElo "1153"]
[BlackElo "1310"]
[PlyCount "90"]

1. d4 d5 2. c4 e6 3. Nc3 c6 4. Bf4 Nf6 5. Nf3 Nh5 6. e3 Nxf4 7. exf4 Nd7 8. Bd3
Nf6 9. O-O h6 10. cxd5 cxd5 11. Re1 Bd6 12. g3 O-O 13. Qd2 Bd7 14. Bb5 a6 15.
Bxd7 Qxd7 16. Ne5 Qe8 17. a3 Rc8 18. Rac1 b5 19. b4 Qe7 20. Na2 Ne4 21. Nc6
Nxd2 22. Nxe7+ Bxe7 23. Kg2 Nc4 24. Rc3 Bf6 25. Rd1 Rfe8 26. g4 Bh4 27. Rh3 Be7
28. Rc3 Bd6 29. Kf3 f6 30. h3 Rc7 31. Rdc1 Rf7 32. f5 e5 33. dxe5 Bxe5 34. Rd3
Rd8 35. Nc3 d4 36. Ne2 Kh7 37. h4 Rff8 38. Nf4 Bxf4 39. Kxf4 Rfe8 40. g5 hxg5+
41. hxg5 fxg5+ 42. Kxg5 Rd5 43. Rh1+ Kg8 44. Kg6 Ne5+ 45. Kg5 Nxd3 0-1

[Event "Tournoi francophone 017"]
[Site "Skype"]
[Date "????.??.??"]
[Round "7.28"]
[White "Prieto, Jairo Ovidio"]
[Black "Hampton, Irene"]
[Result "1-0"]
[WhiteElo "1277"]
[BlackElo "1026"]
[PlyCount "65"]

1. d4 d5 2. c4 c6 3. Nf3 Nd7 4. Bf4 Ngf6 5. e3 e6 6. Bd3 Be7 7. O-O O-O 8. c5
Nh5 9. Bg3 g6 10. Nc3 Nxg3 11. fxg3 a6 12. b4 b5 13. Qe2 Bb7 14. a4 Kg7 15. a5
h5 16. e4 h4 17. gxh4 Rh8 18. g3 Qg8 19. e5 Qh7 20. Qe3 Kf8 21. Ng5 Qg7 22.
Nxe6+ Kg8 23. Nxg7 Kxg7 24. Qf4 Raf8 25. Qg4 Rh6 26. Qxd7 Bxh4 27. gxh4 Bc8 28.
Qe7 Bh3 29. Qf6+ Kg8 30. Rf3 Bg4 31. Rg3 Bh5 32. Rf1 Kh7 33. e6 1-0

[Event "Tournoi francophone 017"]
[Site "Skype"]
[Date "????.??.??"]
[Round "7.29"]
[White "De Fazio, Monica"]
[Black "Malbec, Robert"]
[Result "0-1"]
[WhiteElo "1153"]
[BlackElo "1223"]
[PlyCount "102"]

1. d4 d5 2. c4 Nf6 3. Nc3 c6 4. Nf3 Bg4 5. e3 e6 6. Be2 Bb4 7. h3 Bxf3 8. Bxf3
Bxc3+ 9. bxc3 dxc4 10. O-O O-O 11. Re1 b5 12. e4 h6 13. e5 Nh7 14. a4 Qb6 15.
Ba3 Rc8 16. Bc5 Qa6 17. axb5 Qxb5 18. Qb1 Qxb1 19. Rexb1 Nd7 20. Bxa7 Ng5 21.
Kh2 Nxf3+ 22. gxf3 Rc7 23. Bc5 Rxa1 24. Rxa1 Rb7 25. Ra8+ Kh7 26. Ra4 Rb2 27.
Kg3 Nxc5 28. dxc5 Rb5 29. Rxc4 Kg6 30. h4 f6 31. Rg4+ Kf7 32. Rb4 Rxc5 33. Rb7+
Kg6 34. Re7 Rxe5 35. f4 Re3+ 36. f3 f5 37. Kf2 Rxc3 38. Rxe6+ Kf7 39. Re5 Kf6
40. Re3 Rc2+ 41. Re2 Rc5 42. Re8 Rc4 43. Ke3 c5 44. Re5 Rc3+ 45. Ke2 Rc1 46.
Kf2 c4 47. Re1 Rxe1 48. Kxe1 Ke6 49. Kd2 Kd5 50. Kc3 Kc5 51. Kc2 Kd4 0-1

[Event "Tournoi francophone 017"]
[Site "Skype"]
[Date "????.??.??"]
[Round "7.30"]
[White "Ortis, Yves"]
[Black "Colangelo, Michele"]
[Result "0-1"]
[WhiteElo "1148"]
[BlackElo "1189"]
[PlyCount "84"]

1. d4 d5 2. c4 e6 3. e3 c5 4. Nc3 Nc6 5. Nf3 Be7 6. g3 cxd4 7. exd4 Bb4 8. Bd2
Qf6 9. Ne5 Nxd4 10. Bg2 Qxe5+ 11. Be3 Nf5 12. Qa4+ Bd7 13. Qxb4 Nxe3 14. fxe3
Qxe3+ 15. Ne2 Bc6 16. Qd2 Qxd2+ 17. Kxd2 Nf6 18. Nd4 Bd7 19. cxd5 exd5 20.
Rhe1+ Ne4+ 21. Bxe4 dxe4 22. Rxe4+ Be6 23. Nb5 Rd8+ 24. Ke2 Rd7 25. Nxa7 O-O
26. Nb5 Rfd8 27. Kf3 Bd5 28. Nc3 Bxe4+ 29. Nxe4 Rd3+ 30. Kg2 R8d4 31. Re1 Rd1
32. Re2 f5 33. Kh3 fxe4 34. b3 R1d2 35. Re3 Rxa2 36. Rc3 Ra8 37. Rc7 e3 38. Re7
Rd3 39. b4 Rf8 40. Rxb7 e2 41. Re7 Rf2 42. Re8+ Kf7 0-1